| 000 | 00686nam a2200205Ii 4500 | ||
|---|---|---|---|
| 003 | JO-AjNU | ||
| 008 | 230605s9999||||xx |||||||||||||| ||und|| | ||
| 040 |
_aJO-AjNU _bara _erda _cJO-AjNU |
||
| 041 | _aara | ||
| 050 | 1 | 4 | _aB753.I3624 F3988 1988 |
| 100 | 3 |
_aالفيومي،محمد ابراهيم, _eauthor _920754 |
|
| 245 | 0 | 0 | _aإبن باجة وفلسفة الإغتراب |
| 250 | _aط1 | ||
| 264 | 3 | 1 | _aبيروت:دار الجيل ،1988 |
| 300 | _a152ص | ||
| 336 |
_atext _btxt _2rdacontent |
||
| 337 |
_aunmediated _bn _2rdamedia |
||
| 338 |
_avolume _bnc _2rdacarrier |
||
| 650 | 4 |
_aالاغتراب -فلسفة -الفلسفة الإسلامية -الأندلس _920755 |
|
| 999 |
_aA7093 _c10661 _d10661 |
||